| 000 | 00600cam a22002293a 4500 | ||
|---|---|---|---|
| 001 | 1193 | ||
| 003 | PGUSA | ||
| 005 | 20140828082958.0 | ||
| 008 | 980201s1998||||xxu|||||s|||||000 1 eng d | ||
| 040 |
_aPGUSA _beng |
||
| 042 | _adc | ||
| 050 | 4 | _aPS | |
| 100 | 1 |
_aJames, Henry, _d1843-1916 |
|
| 245 | 1 | 4 |
_aThe Coxon Fund _h[electronic resource] / _cHenry James |
| 260 |
_bProject Gutenberg, _c1998 |
||
| 506 | _aPublic domain in the USA. | ||
| 516 | _aElectronic text | ||
| 653 | _aFiction | ||
| 830 | 0 |
_aProject Gutenberg _v1193 |
|
| 856 | 4 | 0 | _uhttp://www.gutenberg.org/ebooks/1193 |
| 942 | _cEB | ||
| 999 |
_c230541 _d230541 |
||